| 000 | 00000nam##2200000za#4500 |
| 001 | 9.698484 |
| 003 | CaOODSP |
| 005 | 20220901140053 |
| 007 | cr ||||||||||| |
| 008 | 150407|2004||||xxc|||||o f|0| 0 eng|d |
| 040 | |aCaOODSP|beng |
| 043 | |an-cn--- |
| 086 | 1 |aJ4-30/2004E-PDF |
| 110 | 1 |aCanada.|bJustice Canada. |
| 245 | 10|aEvaluation of Legal Aid Ontario's Youth Court Action Planning pilot project - executive summary / |h[electronic resource]|cby Susan Scott. |
| 260 | |aOttawa - Ontario : |bJustice Canada |cAugust 27, 2004. |
| 300 | |a9p. |
| 590 | |a13-22-Supp|b2013-09-26 |
| 690 | 07|aYoung offenders|2gcpds |
| 690 | 07|aLegal aid|2gcpds |
| 775 | 08|tÉvaluation d'aide juridique Ontario du projet pilote relatif à la planification des procès devant les tribunaux pour adolescents - resumé / |w(CaOODSP)9.642489 |
| 856 | 40|ahttp://publications.gc.ca|qPDF|s159 KB|uhttps://publications.gc.ca/collections/collection_2013/jus/J4-30-2004-eng.pdf |